| 000 -LEADER |
| fixed length control field |
00777cam a2200229 a 4500 |
| 001 - CONTROL NUMBER |
| control field |
15745 |
| 003 - CONTROL NUMBER IDENTIFIER |
| control field |
BD-DhUAP |
| 005 - DATE AND TIME OF LATEST TRANSACTION |
| control field |
20200204150417.0 |
| 008 - FIXED-LENGTH DATA ELEMENTS--GENERAL INFORMATION |
| fixed length control field |
200203s2010 ii bl 000 0 eng |
| 010 ## - LIBRARY OF CONGRESS CONTROL NUMBER |
| LC control number |
2012354781 |
| 020 ## - INTERNATIONAL STANDARD BOOK NUMBER |
| International Standard Book Number |
9350280639 |
| 040 ## - CATALOGING SOURCE |
| Original cataloging agency |
DLC |
| Transcribing agency |
DLC |
| Modifying agency |
BD-DhUAP |
| Language of cataloging |
Eng |
| 082 ## - DEWEY DECIMAL CLASSIFICATION NUMBER |
| Edition number |
23 |
| Classification number |
344.73046 MAL |
| 100 ## - MAIN ENTRY--PERSONAL NAME |
| Personal name |
Malik, Sumeet. |
| 245 10 - TITLE STATEMENT |
| Title |
Environment law : |
| Remainder of title |
a handbook of environment and pollution laws incorporating state amendments with rules, regulations, and select notifications / |
| Statement of responsibility, etc. |
Sumeet Malik. |
| 250 ## - EDITION STATEMENT |
| Edition statement |
1st ed. |
| 260 ## - PUBLICATION, DISTRIBUTION, ETC. |
| Place of publication, distribution, etc. |
Lucknow : |
| Name of publisher, distributor, etc. |
Eastern Book Company, |
| Date of publication, distribution, etc. |
c2008 [Reprinted 2010]. |
| 300 ## - PHYSICAL DESCRIPTION |
| Extent |
various pages ; |
| Dimensions |
24 cm. |
| 504 ## - BIBLIOGRAPHY, ETC. NOTE |
| Bibliography, etc. note |
Includes bibliographical references. |
| 650 #0 - SUBJECT ADDED ENTRY--TOPICAL TERM |
| Topical term or geographic name entry element |
Environmental law |
| Geographic subdivision |
United State. |
| 942 ## - ADDED ENTRY ELEMENTS (KOHA) |
| Source of classification or shelving scheme |
|
| Koha item type |
Book |